| 000 | 00791cam a22002533a 4500 | ||
|---|---|---|---|
| 001 | 28904 | ||
| 003 | PGUSA | ||
| 005 | 20140828083627.0 | ||
| 008 | 090521s2009||||xxu|||||s|||||000 | eng d | ||
| 040 |
_aPGUSA _beng |
||
| 042 | _adc | ||
| 050 | 4 | _aF2661 | |
| 050 | 4 | _aF2501 | |
| 100 | 1 |
_aAzara, Félix de, _d1742-1821 |
|
| 245 | 1 | 0 |
_aCorrespondencia Oficial e Inedita sobre la Demarcacion de Limites entre el Paraguay y el Brasil _h[electronic resource] / _cFélix de Azara |
| 260 |
_bProject Gutenberg, _c2009 |
||
| 506 | _aPublic domain in the USA. | ||
| 516 | _aElectronic text | ||
| 653 | _aParaguay -- Boundaries -- Brazil | ||
| 653 | _aBrazil -- Boundaries -- Paraguay | ||
| 830 | 0 |
_aProject Gutenberg _v28904 |
|
| 856 | 4 | 0 | _uhttp://www.gutenberg.org/ebooks/28904 |
| 942 | _cEB | ||
| 999 |
_c258159 _d258159 |
||